| 000 | 00596nam a22001817a 4500 | ||
|---|---|---|---|
| 999 |
_c186893 _d186893 |
||
| 005 | 20220322150901.0 | ||
| 010 | _aENG-132074 | ||
| 020 |
_a9788193812259 _c995.00 |
||
| 035 | _aEN-115606 | ||
| 037 | _bDBAD/PUB | ||
| 082 | _a485 | ||
| 100 | _aKrishna Kumar Singh | ||
| 245 |
_aHow To Speak And Write Fluent English/ _cKrishna Kumar Singh |
||
| 260 |
_aNew Delhi _bAtharv Publications _c2019 |
||
| 270 |
_a110, 1st Floor, Gali No. 4, Harphool Vihar, Bapraula, _bNew Delhi _e110043 _matharvpublications@gmail.com |
||
| 300 |
_a331p _c22cm(hbk) |
||
| 942 |
_2ddc _cEN _mKRI _h485 |
||